Quartiers, régions et endroits notables de Night City - Statistiques

Statistiques générales
  • Ce quiz a été pris 5 fois
  • Le résultat moyen est 7 sur 10
Statistiques - réponses
Par images Réponse % Correct
Corpo Plaza
100%
Dogtown
100%
Japantown
100%
Pacifica
100%
Badlands
80%
Centre Ville
80%
Santo Domingo
80%
Heywood
60%
Watson
20%
Westbrook
20%
Aucun quiz correspondant
Distribution des résultats
% des personnes avec chaque résultat
Percentile par nombre de réponses
Votre historique - résultats
Vous n’avez pas pris ce quiz